Teoría y verificación en sociología
Gorde:
| Egile nagusia: | |
|---|---|
| Formatua: | Liburua |
| Hizkuntza: | gaztelania |
| Argitaratua: |
Buenos Aires
Nueva Visión
1968
|
| Saila: | Cuadernos de Investigacion Social. Tratados e Investigaciones
|
| Gaiak: | |
| Etiketak: |
Etiketa erantsi
Etiketarik gabe, Izan zaitez lehena erregistro honi etiketa jartzen!
|
MARC
| LEADER | 00000nam a2200000 a 4500 | ||
|---|---|---|---|
| 001 | UCR3462 | ||
| 003 | CL-VaPUC | ||
| 008 | 980124e19680000AG |||||||||||||||||spa|d | ||
| 082 | 0 | 4 | |a 301 |b ZET |2 21 |
| 100 | 0 | |a Zetterberg, Hans |e author |9 402367 | |
| 245 | 1 | 0 | |a Teoría y verificación en sociología |
| 300 | |a 136 p | ||
| 942 | |c BK | ||
| 945 | |d 19980124 00:00:00 |a aolguin | ||
| 260 | |a Buenos Aires |b Nueva Visión |c 1968 | ||
| 650 | 0 | |a Sociología |9 255410 | |
| 650 | 0 | |a Sociedad |9 307903 | |
| 650 | 0 | |a Humanismo |9 256530 | |
| 583 | |a last modification |c 19980124 00:00:00 |k Rodrigo Vera | ||
| 490 | 0 | |a Cuadernos de Investigacion Social. Tratados e Investigaciones | |
| 999 | |c 266532 |d 266530 | ||